| 000 | 00707nam a2200205Ia 4500 | ||
|---|---|---|---|
| 003 | GCL | ||
| 008 | 140319s9999 xx 000 0 ara d | ||
| 040 |
_aGCL / _cGCL |
||
| 082 | 0 | 4 |
_a235.1 _bم ك |
| 100 | 1 | _aمحمد الخضر الجنكى الشنقيطى | |
| 245 | 1 | 0 |
_aكوثر المعانى الدرارى فى كشف خبايا البخارى / _cمحمد الخضر الجنكى الشنقيطى |
| 300 | _aمتعدد | ||
| 490 | _a | ||
| 650 | 0 | 4 | _aصحيح البخارى |
| 650 | 0 | 4 | _aالحديث - صحيح بخارى |
| 650 | 0 | 4 | _aالحديث - الجرح والتعديل |
| 650 | 0 | 4 | _aالحديث - مصطلح |
| 650 | 0 | 4 | _aالحديث - الكتب الستة |
| 942 |
_2ddc _cBK |
||
| 999 |
_c41319 _d41319 |
||